[Event "Leutersdorf Sparkasse op 10th"]
[Site "Leutersdorf"]
[Date "2006.02.17"]
[Round "1"]
[White "Peter, Dirk"]
[Black "Scholl, Sabrina"]
[Result "1-0"]
[WhiteElo "1619"]
[BlackElo "969"]
[PlyCount "65"]
[EventDate "2006.02.17"]
[EventType "swiss"]
[EventRounds "7"]
[EventCountry "GER"]
[SourceTitle "EXT 2007"]
[Source "ChessBase"]
[SourceDate "2006.11.23"]
[SourceVersion "1"]
[SourceVersionDate "2006.11.23"]
[SourceQuality "1"]

1. e4 e5 2. Nf3 Nc6 3. Bc4 Nf6 4. Ng5 d5 5. exd5 Nxd5 6. Nxf7 Qd7 7. Nxh8 g6 8. Qf3 Ncb4 9. 0-0 c6 10. Nc3 Qf5 11. Qxf5 Bxf5 12. Nxd5 cxd5 13. Bb5+ Ke7 14. d4 exd4 15. Bg5+ Kd6 16. Rfe1 Nxc2 17. Nf7+ Kc5 18. Ba4 Nxa1 19. Rxa1 b5 20. Rc1+ Kb6 21. Bb3 Bc5 22. Bxd5 Rc8 23. Bd8+ Ka6 24. a3 b4 25. axb4 Bxb4 26. Bc4+ Kb7 27. b3 Be6 28. Ra1 Bxc4 29. bxc4 Rxc4 30. Ba5 Be7 31. Nd8+ Kc8 32. Nf7 Bf6 33. Nd6+ 1-0

[Event "GER-chT U20 Girls"]
[Site "Naunhof"]
[Date "2005.12.30"]
[Round "7.4"]
[White "Scholl, Sabrina"]
[Black "Sturm, Johanna"]
[Result "1-0"]
[WhiteElo "954"]
[BlackElo "1004"]
[PlyCount "105"]
[EventDate "2005.12.27"]
[EventType "team-swiss"]
[EventRounds "7"]
[EventCountry "GER"]
[SourceTitle "CBM 110 Extra"]
[Source "ChessBase"]
[SourceDate "2006.03.10"]
[SourceVersion "2"]
[SourceVersionDate "2006.03.10"]
[SourceQuality "1"]

1. e4 e5 2. Nf3 Nc6 3. Bc4 Bc5 4. Nc3 Nf6 5. d3 h6 6. Be3 Bb6 7. d4 d6 8. d5 Na5 9. Bb5+ Bd7 10. Bxd7+ Qxd7 11. 0-0 Nc4 12. Qc1 Ng4 13. Bxb6 Nxb6 14. h3 Nf6 15. Nh4 0-0-0 16. a4 Nh5 17. b3 Qe7 18. Nf3 Qf6 19. a5 Nd7 20. Qe3 Nf4 21. Ne1 Qg6 22. Ne2 Nxe2+ 23. Qxe2 Nc5 24. f3 Qg3 25. Qf2 Qxf2+ 26. Rxf2 g6 27. b4 Nd7 28. h4 Rdf8 29. g4 h5 30. g5 f5 31. c4 fxe4 32. fxe4 Rxf2 33. Kxf2 Rf8+ 34. Nf3 Rf4 35. Re1 c6 36. dxc6 bxc6 37. Kg3 Nb8 38. Ng1 d5 39. cxd5 cxd5 40. exd5 Rxb4 41. Rxe5 Rb5 42. Ne2 Rxa5 43. Nf4 Ra3+ 44. Kg2 Ra4 45. Kg3 a5 46. Nxg6 Ra3+ 47. Kf4 a4 48. Ne7+ Kd7 49. g6 Rb3 50. g7 a3 51. g8Q a2 52. Qc8+ Kd6 53. Re6# 1-0